| 000 | 00436nam a22001697a 4500 | ||
|---|---|---|---|
| 003 | OSt | ||
| 005 | 20211001103133.0 | ||
| 008 | 211001b |||||||| |||| 00| 0 eng d | ||
| 020 | _a0070536074 | ||
| 040 | _cHU | ||
| 082 | _a330 | ||
| 100 |
_aSIMCHA RONEN PH.D. _99005 |
||
| 245 | _aFELAXEBEL WORKING HAURESAN INNOVATION IN THE QUALITY OF WORK LIFE | ||
| 260 |
_aNEW YORK _bJOHANSBERGE _c1981 |
||
| 300 | _a353 | ||
| 942 |
_2ddc _cBOOKS _n0 |
||
| 999 |
_c8345 _d8345 |
||